000 00356nam a2200157Ia 4500
008 210210b1963 xxu||||| |||| 00| 0 eng d
041 _aeng
082 _a829/1399
100 _aSTREATFIELD (N)
245 _aCurtain up
260 _aLondon
_bNot Mentioned
_c1963
650 _aup
650 _aCurtain
690 _aEnglish Fiction
906 _a018008
999 _c137903
_d137903